Autonomies of the USSR - Statistics

General Stats
  • This quiz has been taken 55 times
    37 since last reset
  • The average score is 29 of 59
Answer Stats
Type of Autonamy Modern Name % Correct
SSR Kazakhstan
92%
SSR Armenia
88%
SSR Estonia
88%
SSR Latvia
88%
SSR Tajikistan
88%
SSR Belarus
83%
SSR Georgia
83%
SSR Kyrgyzstan
83%
SSR Lithuania
83%
SSR Russia
83%
SSR Turkmenistan
83%
SSR Ukraine
83%
SSR Azerbaijan
79%
SSR Moldova
79%
Former SSR Karelia-Finland
71%
SSR Uzbekistan
71%
ASSR Chechnya/Ingushetia
67%
ASSR Dagestan
67%
ASSR Karelia
67%
AO Jewish
58%
ASSR Tuva
58%
AO Adygea
54%
Former ASSR Crimea
54%
ASSR North Ossetia
54%
ASSR Abkhazia
50%
ASSR Chuvashia
50%
ASSR Komi
50%
ASSR Mari El
50%
Okrug Nenetsia
50%
ASSR Tatarstan
50%
AO Altai
46%
ASSR Bashkortostan
46%
ASSR Buryatia
42%
Okrug Chukotka
42%
ASSR Kalmykia
42%
AO Khakassia
42%
AO South Ossetia
42%
ASSR Udmurtia
42%
ASSR Yakutia
42%
ASSR Kabardino-Balkaria
38%
ASSR Mordovia
38%
ASSR Nakhchivan
38%
AO Karachay–Cherkessia
33%
ASSR Karakalpakstan
29%
AO Nagorno-Karabakh
29%
Former ASSR Turkestan
29%
Okrug Khanty–Mansi
25%
ASSR Adjara
21%
Okrug Evenkia
21%
AO Gorno-Badakhshan
17%
Okrug Komi-Permyakia
8%
Okrug Koryakia
8%
Okrug Taymyria
8%
Okrug Yamalo-Nenetsia
8%
Okrug Agin-Buryatia
4%
Former ASSR Mountain
4%
Okrug Ust-Orda Buryatia
4%
Former ASSR Volga Germany
4%
Former SSR Trancaucasia
0%
No matching quizzes found
Score Distribution
Percent of People with Each Score
Percentile by Number Answered
Your Score History
You have not taken this quiz since the last reset